000 00907nas a2200289 4500
001 BR2013010626
003 BR-BrBNA
005 20231205123456.0
007 ta
008 230509b bl.|||p| |||| 00| 00por d
040 _aBR-BrBNA
_bpor
_cBiblioteca Nacional de Agricultura
041 _a(Pt)
072 _aL73
100 1 _aZanco, B.T.
100 1 _aBruler, B.C.
100 1 _aPinheiro, A. de O.
100 1 _aBiase, G.F. de
100 1 _aTorres, M.L.M.
245 1 _aBotulismo em cão: suspeita e diagnóstico clínico: relato de caso
650 _aCÃO
650 _aBOTULISMO
650 _aBACTÉRIA
650 _aDIAGNÓSTICO
773 0 _tMEDVEP. Revista Científica de Medicina Veterinária. Pequenos Animais e Animais de Estimação (Brazil)
_xISSN 1678-1430
_g(Jul-Sep 2013), v. 11(37) p. 44-50
_wBR2013010626
909 _a202311
_bLúcia
_c55
_dLúcia Elande
942 _2AGRIS
_n0
_cANA
999 _c234086
_d234086